Selling to anyone over the phone

"Selling over the phone requires more than just reading from a script. This guide shows sales pros what they need to know to dial their way to success."

Bibliographic Details
Main Authors: Walkup, Renee P. , 1957- (Author), McKee, Sandra L. , 1952- (Author)
Format: Book
Language:English
Published: New York : AMACOM, American Management Association , c2011
Edition:2nd ed
Subjects:

MARC

LEADER 00000cam a2200000 7i4500
001 0000074613
005 20180404093000.0
008 110621s2010 nyu eng
020 |a 0814414834 (paperback : alk. paper) 
020 |a 0814414842 
020 |a 9780814414835 (paperback : alk. paper) 
020 |a 9780814414842 
050 0 0 |a HF5438.3   |b .W35 2011 
090 0 0 |a HF5438.3   |b .W35 2011 
100 1 |a Walkup, Renee P. ,   |d 1957- ,   |e author 
245 1 0 |a Selling to anyone over the phone   |c Reene P. Walkup with Sandra McKee 
250 |a 2nd ed 
260 |b New York :   |b AMACOM, American Management Association ,   |c c2011 
300 |a xiv, 210 p. :   |b ill. ;   |c 23 cm. 
500 |a Includes index 
505 0 |a 1. Setting up for success -- 2. Managing time and information for profitability -- 3. Identifying personality types over the phone -- 4. Getting gatekeepers to work for you -- 5. Asking high-value questions -- 6. Listening and presenting -- 7. Selling through objections -- 8. Negotiating the close -- 9. Using new technology in phone sales -- 10. Selling to customers from other cultures 
520 |a "Selling over the phone requires more than just reading from a script. This guide shows sales pros what they need to know to dial their way to success." 
650 0 |a Telephone selling 
700 1 |a McKee, Sandra L. ,   |d 1952- ,   |e author 
999 |a 1000141862   |b Book   |c OPEN SHELF (30 DAYS)   |e Gong Badak Campus